Get the Picture: Guggenheim Museums Quiz Stats

 Plays Quiz not verified by Sporcle

Support Sporcle.
Go Orange.
Score 0/14 Timer 04:00
0 Plays Today
Question Answer Wrong Answers
Has more gallery space? Bilbao
94.4%
New York
5.6%
Opened in 1959? New York
94.4%
Bilbao
5.6%
Architect: Frank Lloyd Wright New York
88.9%
Bilbao
11.1%
Has a spiral atrium? New York
83.3%
Bilbao
16.7%
Opened in 1997? Bilbao
83.3%
New York
16.7%
At one point was intended to have a red exterior? New York
77.8%
Bilbao
22.2%
Was voted one of the 'Twelve Treasures' of its country? Bilbao
77.8%
New York
22.2%
Is modeled on Mesopotamian architecture? New York
77.8%
Bilbao
22.2%
Architect: Frank Gehry Bilbao
72.2%
New York
27.8%
Sparked a wave of gentrification in its city? Bilbao
72.2%
New York
27.8%
Is a UNESCO World Heritage Site? New York
72.2%
Bilbao
27.8%
Construction was funded by the government? Bilbao
72.2%
New York
27.8%
Was its architect's last major work? New York
50%
Bilbao
50%
Receives more visitors annually? Bilbao
38.9%
New York
61.1%

You're not logged in!

Compare scores with friends on all Sporcle quizzes.
OR
Log In

From the Vault

57 'S' Movies

by DarkPhalanx

We're always concerned about 'S' quizzes, because we're really scared of snakes.
Remove Ads.
Support Sporcle.
Get the best of Sporcle when you Go Orange. This ad-free experience offers more features, more stats, and more fun while also helping to support Sporcle. Thank you for becoming a member.

Show Comments

Extras

Top Quizzes Today


Score Distribution

Your Account Isn't Verified!

In order to create a playlist on Sporcle, you need to verify the email address you used during registration. Go to your Sporcle Settings to finish the process.

Report this User

Report this user for behavior that violates our Community Guidelines.

Details: